Vlaggen van de Slavische landen - Sudden Death - Statistieken

Algemene statistieken
  • Deze quiz is 17 keer genomen
  • De gemiddelde score is 3 van 9
Answers on the Grid
Answers color-coded by a green-red scale on the quiz's grid according to % correct below.
 
Antwoordstatistieken
Antwoord % Correct
77%
62%
38%
31%
31%
23%
23%
23%
15%
Geen overeenkomende quizzen gevonden
Scoreverdeling
Procent van Mensen met Elke Score
Percentiel versus Aantal Correcte Antwoorden
Uw Scoregeschiedenis
U heeft deze quiz nog niet genomen